000 00764cab a2200253 4500
001 ABS51008
008 090401t1994 xxu||||| |||| 00| 0 eng d
035 _a(Sirsi) u4789
041 _aeng
100 _aPhipps, M.
245 2 _aA contradiction in terms
260 _c1994
350 _a0
490 _aBuilding Economist
_vJuly 1994, 19(1)
520 _aRegrets the inconsistent contract documentation and suggests the application of a QA system to all standard documents.
650 _aBUILT ENVIRONMENT-BUILDING CONTRACT FORMS
650 _aDRAFTING
650 _aLEAGUE TABLE
650 _aQUALITY ASSURANCE
650 _aSTANDARD FORMS OF CONTRACT
690 _aBUILT ENVIRONMENT-BUILDING CONTRACT FORMS
942 _n0
948 _c04/03/1997
999 _c2897
_d2897